|
|
|
|
| LEADER |
00000nab a2200000 a 4500 |
| 001 |
vtls000690088 |
| 003 |
SK-MaSNL |
| 005 |
20260304205837.0 |
| 008 |
250425c19981999xo 0 slo |
| 015 |
|
|
|a SNBRB1999/03-07969
|
| 035 |
|
|
|a CLN000042255
|
| 035 |
|
|
|a urn:nbn:sk:snk-ab1dlp
|
| 035 |
|
|
|a (urnnbn)urn:nbn:sk:snk:ar-002qu4
|
| 035 |
|
|
|a (uuid)1f02e46b-7132-4018-86a8-6d0b94ffc0f4
|
| 040 |
|
|
|a SNKBUCL
|b slo
|c SNKBUCL
|e AACR2
|
| 041 |
0 |
|
|a slo
|
| 044 |
|
|
|a xo
|c SK
|
| 080 |
|
|
|a 801.1:808.54-311
|2 1997
|
| 080 |
|
|
|a 801.311:808.54-1
|2 1997
|
| 080 |
|
|
|a 808.54-1
|2 1997
|
| 100 |
1 |
|
|a Žigová, Ľudmila,
|d 1953-
|4 aut
|9 47929
|
| 245 |
1 |
0 |
|a O pravopise a používaní nedomácich názvov miest a tvorení obyvateľských mien
|c Ľudmila Žigová
|
| 650 |
0 |
7 |
|a slovenčina
|2 snkbucl
|9 1350
|
| 650 |
0 |
7 |
|a pravopis
|2 snkbucl
|9 868
|
| 650 |
0 |
7 |
|a ojkonymá
|2 snkbucl
|9 239133
|
| 650 |
0 |
7 |
|a obyvateľské mená
|2 snkbucl
|9 16450
|
| 650 |
0 |
7 |
|a názvy miest
|2 snkbucl
|9 16449
|
| 773 |
0 |
|
|t Predškolská výchova
|g Roč. 53, č. 3 (1998/1999), s. 19
|
| 850 |
|
|
|a Slovenská národná knižnica
|
| 852 |
|
|
|a Slovenská národná knižnica
|
| 954 |
|
|
|a odborná, vedecká literatúra pôvodná (slovenská)
|2 lita
|
| 958 |
|
|
|a article27
|
| 958 |
|
|
|a OND
|
| 958 |
|
|
|a EUIPO
|
| 999 |
|
|
|c 3123213
|d 3125143
|